000 004550000a22001810004500
001 000739
003 MACL
005 20150911150833.0
008 150911b xxu||||| |||| 00| 0 eng d
040 _aMACL
_cMACL
041 _aEnglish
082 _a822/CHI
245 _aTogether in Dramaland
_bChildren's Dramas From Asia &The Pacific
260 _aNew Delhi
_c1995
_bNational Book Trust,
350 _a40
650 _aDrama
_910186
942 _k822
_cBK
_2ddc
999 _c737
_d737